Numéros 10 des clubs de Ligue 1 (2025-2026) - Statistiques

Statistiques générales
  • Ce quiz a été pris 173 fois
  • Le résultat moyen est 10 sur 18
Statistiques - réponses
Club Joueur Nationalité % Correct
Paris Saint-Germain Ousmane Dembélé Français
96%
Olympique de Marseille Mason Greenwood Anglais
93%
AS Monaco Aleksandr Golovin Russe
85%
RC Strasbourg Emanuel Emegha Néerlandais
77%
LOSC Hákon Arnar Haraldsson Islandais
66%
Paris FC Ilan Kebbal Algérien
62%
Stade Rennais Ludovic Blas Français
57%
Olympique Lyonnais Pavel Sulc Tchèque
56%
RC Lens Florian Thauvin Français
54%
Stade Brestois Romain Del Castillo Français
50%
OGC Nice Sofiane Diop Français
47%
FC Nantes Matthis Abline Français
46%
AJ Auxerre Lassine Sinayoko Malien
41%
FC Metz Gauthier Hein Français
36%
Angers SCO Himad Abdelli Algérien
34%
Toulouse Yann Gboho Français
31%
FC Lorient Pablo Pagis Français
19%
Le Havre Felix Mambimbi Suisse
7%
Aucun quiz correspondant
Distribution des résultats
% des personnes avec chaque résultat
Percentile par nombre de réponses
Votre historique - résultats
Vous n’avez pas pris ce quiz